<?xml version="1.0" encoding="UTF-8"?><?xml-stylesheet type="text/xsl" href="static/style.xsl"?><OAI-PMH xmlns="http://www.openarchives.org/OAI/2.0/" xmlns:xsi="http://www.w3.org/2001/XMLSchema-instance" xsi:schemaLocation="http://www.openarchives.org/OAI/2.0/ http://www.openarchives.org/OAI/2.0/OAI-PMH.xsd"><responseDate>2026-06-05T21:45:20Z</responseDate><request verb="GetRecord" identifier="oai:riuma.uma.es:10630/15876" metadataPrefix="marc">https://riuma.uma.es/rest/oai/request</request><GetRecord><record><header><identifier>oai:riuma.uma.es:10630/15876</identifier><datestamp>2026-02-03T12:03:02Z</datestamp><setSpec>com_10630_2254</setSpec><setSpec>col_10630_37959</setSpec></header><metadata><record xmlns="http://www.loc.gov/MARC21/slim" xmlns:dcterms="http://purl.org/dc/terms/" xmlns:doc="http://www.lyncode.com/xoai" xmlns:xsi="http://www.w3.org/2001/XMLSchema-instance" xsi:schemaLocation="http://www.loc.gov/MARC21/slim http://www.loc.gov/standards/marcxml/schema/MARC21slim.xsd">
   <leader>00925njm 22002777a 4500</leader>
   <datafield ind2=" " ind1=" " tag="042">
      <subfield code="a">dc</subfield>
   </datafield>
   <datafield ind2=" " ind1=" " tag="720">
      <subfield code="a">Jiménez López, Isabel</subfield>
      <subfield code="e">author</subfield>
   </datafield>
   <datafield ind2=" " ind1=" " tag="260">
      <subfield code="c">2018-05-31</subfield>
   </datafield>
   <datafield ind2=" " ind1=" " tag="520">
      <subfield code="a">Tradicionalmente la calle, la plaza, el espacio público en definitiva, representan lugares de encuentro, de diversidad y de participación para la población. Sin embargo, en muchos lugares parece ser que la única actividad que se desarrolla sea la del tránsito. La ciudad actual ha relegado los espacios de relación de ámbitos públicos a privados, como consecuencia, entre otras, de la presencia de nuevos elementos que paulatinamente han adquirido más protagonismo, como es el coche o la inexistencia de equipamientos que cualifiquen el espacio público. De este modo, los procesos emergentes de renovación urbana son esenciales para el disfrute de la vida en la ciudad, especialmente, los basados en procesos participativos.&#xd;
La lectura pretende desentrañar algunas de las estrategias recientemente configuradas en torno a lo que denominamos urbanismo empático.</subfield>
   </datafield>
   <datafield ind1="8" ind2=" " tag="024">
      <subfield code="a">https://hdl.handle.net/10630/15876</subfield>
   </datafield>
   <datafield tag="653" ind2=" " ind1=" ">
      <subfield code="a">Urbanismo</subfield>
   </datafield>
   <datafield ind2="0" ind1="0" tag="245">
      <subfield code="a">De la ciudad In-habitada a la ciudad Habitada</subfield>
   </datafield>
</record>
</metadata></record></GetRecord></OAI-PMH>